Guidelines for Quality Management in Soil and Plant Laboratories / (Record no. 17198)

MARC details
000 -LEADER
fixed length control field 00717cam a2200229 a 4500
003 - CONTROL NUMBER IDENTIFIER
control field BD-DhSAU
005 - DATE AND TIME OF LATEST TRANSACTION
control field 20231017153019.0
008 - FIXED-LENGTH DATA ELEMENTS--GENERAL INFORMATION
fixed length control field 861024s2016 ii a b 001 0 eng
020 ## - INTERNATIONAL STANDARD BOOK NUMBER
International Standard Book Number 9788170352518
040 ## - CATALOGING SOURCE
Original cataloging agency BD-DhSAU
082 ## - DEWEY DECIMAL CLASSIFICATION NUMBER
Edition number 22
Classification number 631.4072
Item number R25938
245 10 - TITLE STATEMENT
Title Guidelines for Quality Management in Soil and Plant Laboratories /
Statement of responsibility, etc. Compiled by L.P. van Reeuwijk and V.J.G. Houba
260 ## - PUBLICATION, DISTRIBUTION, ETC. (IMPRINT)
Place of publication, distribution, etc. New Delhi :
Name of publisher, distributor, etc. Daya Publishing House,
Date of publication, distribution, etc. c1998
300 ## - PHYSICAL DESCRIPTION
Extent vi, 143p. :
Other physical details ill. ;
Dimensions 24 cm.
504 ## - BIBLIOGRAPHY, ETC. NOTE
Bibliography, etc Includes bibliographical references and index
590 ## - Name of Cataloguer
Name of Cataloger kobir
650 #0 - SUBJECT ADDED ENTRY--TOPICAL TERM
Topical term or geographic name as entry element Soil
650 #0 - SUBJECT ADDED ENTRY--TOPICAL TERM
Topical term or geographic name as entry element Plant Laboratories
700 ## - ADDED ENTRY--PERSONAL NAME
Personal name Reeuwijk, L.P. van
700 ## - ADDED ENTRY--PERSONAL NAME
Personal name Houba, V.J.G.
942 ## - ADDED ENTRY ELEMENTS (KOHA)
Source of classification or shelving scheme Dewey Decimal Classification
Koha item type Book
Holdings
Withdrawn status Lost status Source of classification or shelving scheme Damaged status Not for loan Collection code Home library Branch Name Shelving location Date acquired Cost, normal purchase price Total Checkouts Full call number Barcode Date last seen Price effective from Koha item type Public note
    Dewey Decimal Classification   Not For Loan Reference SAU Library SAU Library General Stacks 20/06/2023 1194.00   631.4072 R25938 44696 17/10/2023 17/10/2023 Book Purchase